000 01141nam a2200313 4500
003 EG-GICUC
005 20260121101342.0
008 251125s1950 ua ||||fr|||| 00| 0 fre d
040 _aEG-GiCUC
_bfre
_cEG-GiCUC
_dEG-GiCUC
_eRda
041 _afre
082 0 4 _221
_a341.84
_bM O . O
092 0 4 _221
099 _aLaw1 12 341.84 M O . O 1950
100 1 _aMosallam, Ahmad
_eAuteur
245 1 2 _aL’ordre public devant le juge égyptien (Étude comparative de droit international privé) /
_cAhmad Mosallem.
264 1 _aLe Caire :
_bMp. Université Fouad I,
_c1950.
300 _a202 page ;
_c 24 cm.
336 _2rda contenu
_a texte
337 _2rda medias
_aOrdinateur
338 _2 transporteur rda
_a Ressource en ligne
500 _aDocteur en Droit, Maître de Conférences à la Faculté de Droit de l'Université Fouad Ier
504 _aBibliographie Références bibliographiques
546 _aTexte en français
650 1 _aConflit de lois
_xDroit international privé
_2qrmak
651 1 _2qrmak
856 4 0 _uhttps://fll.law.cu.edu.eg/fulltext/bks/B12-01547.pdf
905 _a75
942 _2ddc
_n0
_cBK
_e21
999 _c45872
_d45872